La ventana en el rostro (Registro nro. 17856)

Detalles MARC
000 -CABECERA
Longitud fija campo de control 00607cam a22002057a 4500
003 - IDENTIFICADOR DELl NÚMERO DE CONTROL
Identificador del número de control OSt
005 - FECHA Y HORA DE LA ÚLTIMA TRANSACCIÓN
Fecha y hora de la última transacción 20180319142806.0
008 - CÓDIGOS DE INFORMACIÓN DE LONGITUD FIJA
Códigos de información de longitud fija 970707s1996 es 000 0 spa
010 ## - NÚMERO DE CONTROL DE LA BIBLIOTECA DEL CONGRESO
Número de control de LC 97169557
040 ## - FUENTE DE LA CATALOGACIÓN
Centro transcriptor BMC
082 ## - NÚMERO DE LA CLASIFICACIÓN DECIMAL DEWEY
Númeroo de clasificación Sv861
100 1# - PUNTO DE ACCESO PRINCIPAL-NOMBRE DE PERSONA
Nombre de persona Dalton, Roque
Fechas asociadas al nombre 1935-1975
9 (RLIN) 9180
245 13 - MENCIÓN DE TÍTULO
Título La ventana en el rostro
Mención de responsabilidad, etc. Roque Dalton
250 ## - MENCIÓN DE EDICIÓN
Mención de edición 1ª ed
260 ## - PUBLICACIÓN, DISTRIBUCIÓN, ETC. (PIE DE IMPRENTA)
Lugar de publicación, distribución, etc. San Salvador
Nombre del editor, distribuidor, etc. Consejo Nacional para la Cultura y el Arte
Fecha de publicación, distribución, etc. 1996
300 ## - DESCRIPCIÓN FÍSICA
Extensión 126 p.
Dimensiones 22 cm
490 ## - MENCIÓN DE SERIE
Mención de serie Biblioteca Básica de Literatura Salvadoreña
Designación de volumen o secuencia 10
650 24 - PUNTO DE ACCESO ADICIONAL DE MATERIA - TÉRMINO DE MATERIA
9 (RLIN) 21923
Término de materia o nombre geográfico como elemento inicial Poesía salvadoreña
942 ## - ENTRADA DE ELEMENTOS AGREGADOS (KOHA)
Fuente de clasificaión o esquema Dewey Decimal Classification
Koha [por defecto] tipo de item 1- Monografias
Parte de clasificación prozim
Existencias
Suprimido Perdido Fuente de clasificación o esquema Estropeado Restricciones de uso No para préstamo Código de colección Localización permanente Localización actual Localización en estanter&íacute;as Fecha adquisición Fuente de adquisición Número de inventario Préstamos totales Signatura completa Código de barras Fecha última consulta Fecha último préstamo Coste, precio reemplazado Fecha del precio de reemplazo Tipo de item de Koha Renovaciones totales
NULL NULL Dewey Decimal Classification NULL Prestable NULL NULL Biblioteca Centro Regional de Ilobasco Biblioteca Centro Regional de Ilobasco Sala Principal 22/01/2011 CRI LI001744 15 P DAL ven 1038276 11/04/2026 08/04/2026   22/09/2016 1- Monografias 2
NULL NULL Dewey Decimal Classification NULL Prestable NULL NULL Biblioteca Miguel de Cervantes - UNICAES Biblioteca Miguel de Cervantes - UNICAES Sala Principal 19/02/2015 Donación - Concultura 028301 1 P DAL ven 1028711 12/10/2023 10/10/2023 9.00 19/02/2015 1- Monografias  
NULL NULL Dewey Decimal Classification NULL Prestable NULL NULL Biblioteca Miguel de Cervantes - UNICAES Biblioteca Miguel de Cervantes - UNICAES Sala Principal 19/02/2015 Donación - Concultura 028302 3 P DAL ven 1028712 17/05/2019 06/05/2019 9.00 19/02/2015 1- Monografias  
NULL NULL Dewey Decimal Classification NULL Prestable NULL NULL Biblioteca Miguel de Cervantes - UNICAES Biblioteca Miguel de Cervantes - UNICAES Sala Principal 19/02/2015 Donación - Concultura 028303 1 P DAL ven 1028713 06/12/2021 01/09/2015 9.00 19/02/2015 1- Monografias  
NULL NULL Dewey Decimal Classification NULL Prestable NULL NULL Biblioteca Miguel de Cervantes - UNICAES Biblioteca Miguel de Cervantes - UNICAES Sala Principal 19/02/2015 Donación - Mauricio Menéndez 028304   P DAL ven 1028714 19/02/2015   9.00 19/02/2015 1- Monografias  
NULL NULL Dewey Decimal Classification NULL Prestable NULL NULL Biblioteca Miguel de Cervantes - UNICAES Biblioteca Miguel de Cervantes - UNICAES Sala Principal 19/02/2015 Donación - Moisés Martínez 028305 2 P DAL ven 1028715 08/10/2022 10/09/2022 9.00 19/02/2015 1- Monografias